Introduction to theory of automata, formal languages, and computation / (Record no. 79400)

MARC details
000 -LEADER
fixed length control field 00609nam a22001937a 4500
005 - DATE AND TIME OF LATEST TRANSACTION
control field 20131003113348.0
010 ## - LCCN (DPL NO)
LC control number ENG-108545
020 ## - INTERNATIONAL STANDARD BOOK NUMBER
International Standard Book Number 9788120348073
Terms of availability 250.00
035 ## - SYSTEM CONTROL NUMBER
System control number EN-92078
037 ## - SOURCE OF ACQUISITION
Source of stock number/acquisition DBAD/PUB
082 ## - DEWEY DECIMAL CLASSIFICATION NUMBER
Classification number 511.3
100 ## - MAIN ENTRY--PERSONAL NAME
Personal name Ghosh, Debidas
245 ## - TITLE STATEMENT
Title Introduction to theory of automata, formal languages, and computation /
Statement of responsibility, etc by Debidas Ghosh
260 ## - PUBLICATION, DISTRIBUTION, ETC. (IMPRINT)
Place of publication, distribution, etc New Delhi
Name of publisher, distributor, etc PHI Learning
Date of publication, distribution, etc 2013
270 ## - ADDRESS
Address 111, Patparganj Industrial Estate
City New Delhi
Postal code 110092
300 ## - PHYSICAL DESCRIPTION
Extent xv, 243p. :
Other physical details ill.
Dimensions 24cm (pbk)
500 ## - GENERAL NOTE
General note Includes index
942 ## - ADDED ENTRY ELEMENTS (KOHA)
Source of classification or shelving scheme Dewey Decimal Classification
Item type English Books
Call number suffix GHO
Classification part 511.3
Holdings
Withdrawn status Lost status Not for loan Collection code Home library Current library Date acquired Source of acquisition Cost, normal purchase price Full call number Barcode Copy number Cost, replacement price Koha item type
    Not For Loan Non-fiction D.B.Act.Division D.B.Act.Division 16/09/2013 DBAD/PUB 250.00 511.3 GHO EN-92078 1 250.00 English Books

© Delhi Public Library
Hit Counter
free hit counter